Statistics for 2000's Music Multiple Choice: Easy

Click here to take the quiz!

General Stats

  • This quiz has been taken 105 times
  • The average score is 8 of 15

Answer Stats

QuestionAnswer% Correct
What singer released the classic hit song "Toxic"?Britney Spears
96%
What singer did Beyoncé marry in 2008?Jay-Z
91%
What famous black singer sang "In Da Club"?50 Cent
88%
What 2000's singer starred in and did the soundtrack for the movie "8 Mile"?Eminem
88%
What country did famous singer Rihanna grow up in?Barbados
64%
Which band did not form in the 2000s?Green Day
62%
Who sang the classic hit of the 2000's "That's Not My Name"?The Ting Tings
52%
What month in 2008 did Katy Perry release "Hot 'N' Cold"?June
51%
What year did famous Canadian Avril Lavigne release her song "Complicated"?2002
44%
What year did Rihanna release her first studio album?2005
38%
Which of these 2000's songs are not turning 20 in 2023?"Drowning" - Backstreet Boys
38%
What one of these 2000s popular songs did not reach #1 on the Billboard?Our Song
38%
What year did Taylor Swift release her first studio album?2006
30%
Which of these 2000's song was not released in 2008?Unfaithful
28%
How old was singer/songwriter Taylor Swift when she released her country album "Taylor Swift"?16
23%

Score Distribution

Percentile by Number Answered

Percent of People with Each Score

Your Score History

You have not taken this quiz